MARC details
| 000 -LEADER |
| fixed length control field |
03034nas a22006737a 4500 |
| 001 - CONTROL NUMBER |
| control field |
11186551 |
| 005 - DATE AND TIME OF LATEST TRANSACTION |
| control field |
20131118165134.0 |
| 008 - FIXED-LENGTH DATA ELEMENTS--GENERAL INFORMATION |
| fixed length control field |
750418c19759999enkqr p 0 a0eng |
| 022 ## - INTERNATIONAL STANDARD SERIAL NUMBER |
| International Standard Serial Number |
0340-0352 |
| Source |
z |
| 035 ## - SYSTEM CONTROL NUMBER |
| System control number |
(OCoLC)ocm01286525 |
| 041 ## - LANGUAGE CODE |
| Language code of text/sound track or separate title |
eng |
| Language code of summary or abstract/overprinted title or subtitle |
fre |
| -- |
ger |
| 042 ## - AUTHENTICATION CODE |
| Authentication code |
nsdp |
| -- |
lc |
| 050 ## - LIBRARY OF CONGRESS CALL NUMBER |
| Classification number |
Z672 |
| Item number |
.I128 |
| 070 ## - NATIONAL AGRICULTURAL LIBRARY CALL NUMBER |
| Classification number |
Z673.A1I53 |
| 082 ## - DEWEY DECIMAL CLASSIFICATION NUMBER |
| Classification number |
020.5 |
| Edition number |
19 |
| 210 ## - ABBREVIATED TITLE |
| Abbreviated title |
IFLA j. |
| 222 ## - KEY TITLE |
| Key title |
IFLA journal |
| 245 ## - TITLE STATEMENT |
| Title |
IFLA journal / |
| Statement of responsibility, etc |
International Federation of Library Associations. |
| 246 ## - VARYING FORM OF TITLE |
| Title proper/short title |
International Federation of Library Associations journal |
| 246 ## - VARYING FORM OF TITLE |
| Title proper/short title |
I.F.L.A. journal |
| 260 ## - PUBLICATION, DISTRIBUTION, ETC. (IMPRINT) |
| Place of publication, distribution, etc |
München : |
| Name of publisher, distributor, etc |
Verlag Dokumentation, |
| Date of publication, distribution, etc |
1975- |
| 260 ## - PUBLICATION, DISTRIBUTION, ETC. (IMPRINT) |
| Place of publication, distribution, etc |
New Delhi |
| Name of publisher, distributor, etc |
Sage Publications |
| 300 ## - PHYSICAL DESCRIPTION |
| Extent |
v. ; |
| Dimensions |
24-30 cm. |
| 310 ## - CURRENT PUBLICATION FREQUENCY |
| Current publication frequency |
Quarterly, |
| Date of current publication frequency |
2003- |
| 321 ## - FORMER PUBLICATION FREQUENCY |
| Former publication frequency |
Quarterly, |
| -- |
1978-1996 |
| 321 ## - FORMER PUBLICATION FREQUENCY |
| Former publication frequency |
Five times a year, |
| -- |
1997-2002 |
| 362 ## - DATES OF PUBLICATION AND/OR SEQUENTIAL DESIGNATION |
| Dates of publication and/or sequential designation |
Vol. 1, no. 1- |
| 500 ## - GENERAL NOTE |
| General note |
Title from cover. |
| 500 ## - GENERAL NOTE |
| General note |
Published by: K.G. Saur, 1978- ; London ; Thousand Oaks : Sage Publications, <2005-> |
| 500 ## - GENERAL NOTE |
| General note |
Latest issue consulted: Vol. 31, no. 3 (2005). |
| 546 ## - LANGUAGE NOTE |
| Language note |
English with summaries in French and German. |
| 550 ## - ISSUING BODY NOTE |
| Issuing body note |
Official journal of: the International Federation of Library Associations, 1975-1976; the International Federation of Library Associations and Institutions, 1977- |
| 590 ## - LOCAL NOTE (RLIN) |
| Local note |
SERBIB/SERLOC merged record |
| 610 ## - SUBJECT ADDED ENTRY--CORPORATE NAME |
| Corporate name or jurisdiction name as entry element |
International Federation of Library Associations and Institutions |
| Form subdivision |
Periodicals. |
| 610 ## - SUBJECT ADDED ENTRY--CORPORATE NAME |
| Corporate name or jurisdiction name as entry element |
Fédération internationale des associations de bibliothécaires |
| Form subdivision |
Périodiques. |
| 610 ## - SUBJECT ADDED ENTRY--CORPORATE NAME |
| Corporate name or jurisdiction name as entry element |
Fédération internationale des associations de bibliothécaires et des bibliothèques |
| Form subdivision |
Périodiques. |
| 610 ## - SUBJECT ADDED ENTRY--CORPORATE NAME |
| Corporate name or jurisdiction name as entry element |
FEDERACION INTERNACIONAL DE ASOCIACIONES DE BIBLIOTECARIOS |
| General subdivision |
PUBLICACIONES PERIODICAS. |
| Source of heading or term |
renib |
| 650 ## - SUBJECT ADDED ENTRY--TOPICAL TERM |
| Topical term or geographic name as entry element |
International librarianship |
| Form subdivision |
Periodicals. |
| 650 ## - SUBJECT ADDED ENTRY--TOPICAL TERM |
| Topical term or geographic name as entry element |
Library cooperation |
| Form subdivision |
Periodicals. |
| 650 ## - SUBJECT ADDED ENTRY--TOPICAL TERM |
| Topical term or geographic name as entry element |
Library science |
| Form subdivision |
Periodicals. |
| 650 ## - SUBJECT ADDED ENTRY--TOPICAL TERM |
| Topical term or geographic name as entry element |
Coopération entre bibliothèques |
| Form subdivision |
Périodiques. |
| 650 ## - SUBJECT ADDED ENTRY--TOPICAL TERM |
| Topical term or geographic name as entry element |
Bibliothéconomie |
| Form subdivision |
Périodiques. |
| 650 ## - SUBJECT ADDED ENTRY--TOPICAL TERM |
| Topical term or geographic name as entry element |
BIBLIOTECOLOGIA |
| General subdivision |
PUBLICACIONES PERIODICAS. |
| Source of heading or term |
renib |
| 650 ## - SUBJECT ADDED ENTRY--TOPICAL TERM |
| Topical term or geographic name as entry element |
COOPERACION ENTRE BIBLIOTECAS |
| General subdivision |
PUBLICACIONES PERIODICAS. |
| Source of heading or term |
renib |
| 650 ## - SUBJECT ADDED ENTRY--TOPICAL TERM |
| Topical term or geographic name as entry element |
ACTIVIDADES BIBLIOTECARIAS INTERNACIONALES |
| General subdivision |
PUBLICACIONES PERIODICAS. |
| Source of heading or term |
renib |
| 650 ## - SUBJECT ADDED ENTRY--TOPICAL TERM |
| Topical term or geographic name as entry element |
Bibliotheekverenigingen. |
| Source of heading or term |
gtt |
| 710 ## - ADDED ENTRY--CORPORATE NAME |
| Corporate name or jurisdiction name as entry element |
International Federation of Library Associations. |
| 710 ## - ADDED ENTRY--CORPORATE NAME |
| Corporate name or jurisdiction name as entry element |
International Federation of Library Associations and Institutions. |
| 776 ## - ADDITIONAL PHYSICAL FORM ENTRY |
| Title |
IFLA journal (Online) |
| Record control number |
(OCoLC)49718011 |
| 780 ## - PRECEDING ENTRY |
| Title |
IFLA news |
| Record control number |
(DLC) 75650097 |
| -- |
(OCoLC)2174804 |
| 856 ## - ELECTRONIC LOCATION AND ACCESS |
| Uniform Resource Identifier |
<a href="http://ifl.sagepub.com/">http://ifl.sagepub.com/</a> |
| 906 ## - LOCAL DATA ELEMENT F, LDF (RLIN) |
| a |
7 |
| b |
cbc |
| c |
serials |
| d |
4 |
| e |
ncip |
| f |
19 |
| g |
n-oclcserc |
| 942 ## - ADDED ENTRY ELEMENTS (KOHA) |
| Source of classification or shelving scheme |
Dewey Decimal Classification |
| Item type |
Periodicals |
| Classification part |
20.5 |
| Call number suffix |
IFL |
| Serial record |
1 |